Que faites-vous de votre vie ?
Dans ce nouveau livre, Jiddu Krishnamurti, nous invite à reconsidérer notre vie et à nous interroger sur nos choix quotidiens. Un texte inédit de ce penseur hors du commun. QUI E^TES-VOUS ? QUE FAITES-VOUS ? QU'ATTENDEZ-VOUS DE LA VIE ? Krishnamurti, l'un des grands philosophes de notre te...
| Main Author: | |
|---|---|
| Contributors: | |
| Format: | Print Book |
| Language: | French |
| Subito Delivery Service: | Order now. |
| Check availability: | HBZ Gateway |
| Book acquisition: | Drawer...
|
| Interlibrary Loan: | Interlibrary Loan for the Fachinformationsdienste (Specialized Information Services in Germany) |
| Published: |
2021
|
| In: | Year: 2021 |
| Further subjects: | B
Vie spirituelle
|
MARC
| LEADER | 00000cam a22000002c 4500 | ||
|---|---|---|---|
| 001 | 1774695146 | ||
| 003 | DE-627 | ||
| 005 | 20251226195417.0 | ||
| 007 | tu | ||
| 008 | 211021s2021 fr ||||| 00| ||fre c | ||
| 020 | |a 9782381950198 |c br : 17 EUR |9 978-2-38195-019-8 | ||
| 024 | 3 | |a 9782381950198 | |
| 035 | |a (DE-627)1774695146 | ||
| 035 | |a (DE-599)KXP1774695146 | ||
| 035 | |a (BNF)02149493 | ||
| 040 | |a DE-627 |b ger |c DE-627 |e rda | ||
| 041 | |a fre |h eng | ||
| 044 | |c XA-FR | ||
| 082 | 0 | |a 204 | |
| 100 | 1 | |8 1\p |e VerfasserIn |0 (DE-588)118566873 |0 (DE-627)134334140 |0 (DE-576)164205543 |4 aut |a Krishnamurti, Jiddu |d 1895-1986 | |
| 109 | |a Kṛṣṇamūrti, Jiddu 1895-1986 |a Kirusṇạmūrtti, Jē. 1895-1986 |a Kirusṇạmūrtti, J. 1895-1986 |a Krishnamurti, Jiddu 1895-1986 |a Krishnamurthy, K. G. 1895-1986 |a Krishnamurtis, J. 1895-1986 |a Alcione 1895-1986 |a Krishna Murthy, K. G. 1895-1986 |a Krišnamurti 1895-1986 |a Alcyone 1895-1986 |a Krishnamurti, J. 1895-1986 |a Kir-shu-na-mur-ti 1895-1986 |a Krishnamurti 1895-1986 |a Jiddu Krishnamurti 1895-1986 |a Kṛshṇamūrti, Jiddu 1895-1986 |a Alcyone Pseud. von Jiddu Krishnamurti 1895-1986 |a Krischnamurti, Jiddu 1895-1986 | ||
| 192 | |a 1 | ||
| 240 | 1 | 0 | |a What are you doing with your life ? |
| 245 | 1 | 0 | |a Que faites-vous de votre vie ? |c Jiddu Krishnamurti; traduit de l'anglais par Claire Dufour |
| 264 | 1 | |c 2021 | |
| 300 | |a 1 vol. (284 p.) |c 20 cm | ||
| 336 | |a Text |b txt |2 rdacontent | ||
| 337 | |a ohne Hilfsmittel zu benutzen |b n |2 rdamedia | ||
| 338 | |a Band |b nc |2 rdacarrier | ||
| 520 | |a Dans ce nouveau livre, Jiddu Krishnamurti, nous invite à reconsidérer notre vie et à nous interroger sur nos choix quotidiens. Un texte inédit de ce penseur hors du commun. QUI E^TES-VOUS ? QUE FAITES-VOUS ? QU'ATTENDEZ-VOUS DE LA VIE ? Krishnamurti, l'un des grands philosophes de notre temps, livre ici sa vision inspirante sur les nom- breux obstacles qui se dressent sur notre chemin, de l'amour a` l'anxie´te´, des relations avec les autres a` la solitude. Il re´pond a` des questions telles que « Quelle est la signification de la vie?» ou « Comment vivre pleinement sa vie en e´tant fide`le a` soi-me^me?». Lu par des millions de personnes de tous horizons, Krishnamurti montre qu'il n'y a pas de chemin, pas d'autorite´ supe´rieure, pas de gourou a` suivre, et qu'en fin de compte la fac¸on dont nous vivons nos vies rele`ve de notre propre responsabilite´. « L'un des cinq saints du xxe sie`cle » Time Magazine « Krishnamurti m'a profonde´ment influence´.» Deepak Chopra | ||
| 650 | 4 | |a Vie spirituelle | |
| 700 | 1 | |a Dufour, Claire |e ÜbersetzerIn |4 trl | |
| 883 | |8 1\p |a cgwrk |d 20241001 |q DE-101 |u https://d-nb.info/provenance/plan#cgwrk | ||
| 935 | |a mteo | ||
| 951 | |a BO | ||
| ELC | |b 1 | ||
| LOK | |0 000 xxxxxcx a22 zn 4500 | ||
| LOK | |0 001 3993901282 | ||
| LOK | |0 003 DE-627 | ||
| LOK | |0 004 1774695146 | ||
| LOK | |0 005 20211021124925 | ||
| LOK | |0 008 211011||||||||||||||||ger||||||| | ||
| LOK | |0 040 |a DE-Tue135 |c DE-627 |d DE-Tue135 | ||
| LOK | |0 092 |o n | ||
| LOK | |0 852 |a DE-Tue135 | ||
| LOK | |0 852 1 |9 00 | ||
| LOK | |0 935 |a ixbt | ||
| LOK | |0 939 |a 11-10-21 |b l01 | ||
| ORI | |a SA-MARC-ixtheoa001.raw | ||
| REL | |a 1 | ||
| SUB | |a REL | ||



